Personnages jouables naruto storm 4 - Boruto extension - Statistiques

Statistiques générales
  • Ce quiz a été pris 363 fois
  • Le résultat moyen est 51 sur 81
Statistiques - réponses
Réponse % Correct
Naruto Uzumaki
98%
Sasuke Uchiha
97%
Boruto Uzumaki
90%
Kakashi Hatake
88%
A
84%
Hinata Hyûga
84%
Ino Yamanaka
84%
Sarada Uchiha
83%
Shikamaru Nara
83%
Rock Lee
81%
Chôji Akimichi
80%
Gaï Maito
80%
Itachi Uchiha
80%
Minato Namikaze
80%
Tsunade
80%
Madara Uchiha
79%
Neji Hyûga
79%
Tobi
79%
Orochimaru
78%
Deidara
76%
Hiruzen Sarutobi
76%
Obito Uchiha
76%
Tenten
76%
Gaara
75%
Hashirama Senju
74%
Kiba Inuzuka
74%
Lin Nohara
74%
Pain
74%
Sasori
73%
Shino Aburame
73%
Tobirama Senju
73%
Asuma Sarutobi
72%
Kisame Hoshigaki
72%
Temari
72%
Konan
71%
Jiraya
70%
Killer Bee
70%
Nagato
70%
Saï
69%
Hidan
68%
Kankurô
68%
Kakuzu
66%
Han
65%
Mitsuki
65%
Kabuto Yakushi
63%
Konoha-maru Sarutobi
63%
Karin
62%
Mei Terumii
61%
Shisui Uchiha
61%
60%
Yamato
60%
Kaguya Ôtsutsuki
59%
Kushina Uzumaki
59%
Jûgo
58%
Ônoki
58%
Danzô Shimura
57%
Suigetsu Hôzuki
56%
Zabuza Momochi
53%
Darui
52%
Haku
52%
Sakura Haruno
52%
Utakata
50%
Yagura
47%
Iruka Umino
46%
Rôshi
46%
Kimimaro
45%
Yugito Nii
45%
Tayuya
43%
Grand-mère Chiyo
41%
Jirôbô
41%
Hanzô
40%
Sakon/Ukon
40%
Mifune
38%
Kidômaru
37%
Hanabi Hyûga
31%
Homme masqué
22%
Mecha-Naruto
20%
2ème Mizukage
19%
3ème Raikage
19%
4ème Kazekage
19%
2ème Tsuchikage
17%
Aucun quiz correspondant
Distribution des résultats
% des personnes avec chaque résultat
Percentile par nombre de réponses
Votre historique - résultats
Vous n’avez pas pris ce quiz